Central Library OPAC University of Rajshahi

Science, technology, and innovation : (Record no. 58645)

MARC details
000 -LEADER
fixed length control field 00967nam a2200277 a 4500
001 - CONTROL NUMBER
control field 58645
003 - CONTROL NUMBER IDENTIFIER
rucl marc code BD-RJUL
005 - DATE AND TIME OF LATEST TRANSACTION
control field 20211209080638.0
008 - FIXED-LENGTH DATA ELEMENTS--GENERAL INFORMATION
fixed length control field 161219s2008 wau b 001 0 eng c
020 ## - INTERNATIONAL STANDARD BOOK NUMBER
International Standard Book Number 9780821373804
International Standard Book Number 9780821373811
035 ## - SYSTEM CONTROL NUMBER
System control number (BD-RJUL)58769
040 ## - CATALOGING SOURCE
Original cataloging agency MH
Transcribing agency HLS
Modifying agency UKM
-- BD-RJUL
Language of cataloging eng
041 ## - LANGUAGE CODE
Language code of text/sound track or separate title eng
082 0# - DEWEY DECIMAL CLASSIFICATION NUMBER
Classification number 338.927091724
Edition number 23
Author mark and year SCI 2008
245 00 - TITLE STATEMENT
Title Science, technology, and innovation :
Remainder of title capacity building for sustainable growth and poverty reduction /
Statement of responsibility, etc. Michael Ehst and Alfred J Watkins.
260 ## - PUBLICATION, DISTRIBUTION, ETC. (IMPRINT)
Place of publication, distribution, etc. Washington D.C :
Name of publisher, distributor, etc. World Bank,
Date of publication, distribution, etc. 2008.
300 ## - PHYSICAL DESCRIPTION
Pagination xi, 211 p. ;
Size 25 cm.
504 ## - BIBLIOGRAPHY, ETC. NOTE
Bibliography, etc Includes index and bibliography
650 ## - SUBJECT ADDED ENTRY--TOPICAL TERM
Topical term or geographic name as entry element Research, Industrial
Form subdivision Developing countries
Source of heading or term Congresses.
9 (RLIN) 174296
Topical term or geographic name as entry element Scienc
Form subdivision Study and teaching
Source of heading or term Developing countries.
9 (RLIN) 174297
700 ## - ADDED ENTRY--PERSONAL NAME
Personal name Watkins, Alfred
Personal name Ehst, Michael
942 ## - ADDED ENTRY ELEMENTS (KOHA)
Source of classification or shelving scheme Dewey Decimal Classification
Koha item type Books
Holdings
Lost status Source of classification or shelving scheme Damaged status Not for loan Collection code Permanent Location Current Location Shelving location Date acquired Source of acquisition Cost, normal purchase price Total Checkouts Full call number Date last seen Copy number Koha item type
  Dewey Decimal Classification   Not For Loan Non-fiction Central Library, University of Rajshahi Central Library, University of Rajshahi Reading Room 17/05/2009 Dhaka, MIDAS 30.00   338.927091724 SCI 2008 19/12/2016 C-1 Books